Music Quiz

Random Music or Bands Quiz

Pop-Punk Band by Concert Photo Quiz Stats

Quiz not verified by Sporcle

Score 0/18 Timer 05:00
0 Plays Today
% Correct
Fall Out Boy
95.9%
Paramore
94.2%
Green Day
91.4%
My Chemical Romance
85.9%
All Time Low
85.4%
blink-182
84.4%
Panic! At the Disco
81.5%
Pierce the Veil
76.7%
Sum 41
72.9%
% Correct
Twenty One Pilots
68.3%
Sleeping With Sirens
65%
30 Seconds to Mars
61.5%
All-American Rejects
54.4%
Simple Plan
47.1%
Yellowcard
42.8%
You Me At Six
35.5%
The Used
23.6%
Cobra Starship
23.4%

You're not logged in!

Compare scores with friends on all Sporcle quizzes.
Sign Up with Email
OR
Log In

You Might Also Like...

Show Comments

Extras

Top Quizzes Today


Score Distribution

Your Account Isn't Verified!

In order to create a playlist on Sporcle, you need to verify the email address you used during registration. Go to your Sporcle Settings to finish the process.

Report this User

Report this user for behavior that violates our Community Guidelines.

Details: